00501nam a22001457a 450000500170000002000180001708200190003510000330005424500500008726000490013730000110018694200120019799900190020995201270022820260513140135.0 a9789395449083 a631.5233 PRA.E aPrasad, Sashi Shekhar914593 aEcological assessment of crop biotechnology / aDarya Ganj , bPinakin Publishing : cc2023. a270 p. 2ddccBK c759540d759540 00102ddc4070aBOTbBOTcGENd2026-05-13eThe book bayl0o631.5233 PRA.EpBOT10992r2026-05-13 12:43:53w2026-05-13yBK